Educar hoy

Guardat en:
Dades bibliogràfiques
Autor principal: Corominas, Fernando (Autor)
Format: Llibre
Idioma:espanyol
Publicat: Madrid Palabra 1987
Col·lecció:Hacer familia, 1
Matèries:
Etiquetes: Afegir etiqueta
Sense etiquetes, Sigues el primer a etiquetar aquest registre!

MARC

LEADER 00000nam a2200000 a 4500
001 UCW5041
003 CL-VaPUC
008 901114e19870000SP |||||||||||||||||spa|d
082 0 4 |a 370.114  |b COR  |2 21 
100 0 |a Corominas, Fernando  |e author  |9 309853 
245 1 0 |a Educar hoy 
300 |a 212 p 
942 |c BK 
945 |d 19901114 00:00:00 
260 |a Madrid  |b Palabra  |c 1987 
650 0 |a Educación en el hogar  |9 307975 
650 0 |a Educación moral  |9 308319 
650 0 |a Padres e hijos  |9 307753 
650 0 |a Educación para la vida familiar  |9 307821 
583 |a last modification  |c 19901114 00:00:00  |k Rodrigo Vera 
490 0 |a Hacer familia, 1 
999 |c 218558  |d 218556 
952 |0 0  |1 0  |4 0  |6 370_114000000000000_COR_1987  |7 0  |8 A  |9 208295  |a BIBEDU  |b BIBEDU  |d 2019-11-15  |i 2762366  |o 370.114 COR 1987  |p 2762366  |r 2019-11-15  |w 2019-11-15  |y BK  |k EDU